| 000 | 00692nam a22002057a 4500 | ||
|---|---|---|---|
| 005 | 20220519125738.0 | ||
| 008 | 110314t ag||||| |||| 00| 0 spa d | ||
| 020 | _a9500694808 | ||
| 050 | 0 | 4 |
_aRK533 _bA53 1992 |
| 100 | 1 | _aAndreasen, Jens O. | |
| 245 | 1 | 0 |
_aReimplantación y trasplante en odontología : _batlas color / _cJens O. Andreasen ; Lennart Haakansson coor. ; il. Poul Buckhoj. |
| 250 | _a1a ed. | ||
| 260 |
_aBuenos Aires : _bMedica Panamericana, _cc1992 |
||
| 300 |
_a302 p. : _bil. ; _c31 cm. |
||
| 504 | _aIncluye bibliografias e indice | ||
| 650 | 7 |
_2Lemb _aImplantes dentarios |
|
| 700 | 1 |
_aHaakansson, Lennart, _ecoord. |
|
| 700 | 1 |
_aBuckhoj, poul, _eil. |
|
| 942 |
_2lcc _cLIB |
||
| 999 |
_c7103 _d7103 |
||